[Event "SVK-chT2C 2223"]
[Site "Slovakia"]
[Date "2022.11.27"]
[Round "6.4"]
[White "Valuska, Jan"]
[Black "Koltanyi, Imre"]
[Result "1-0"]
[WhiteElo "1894"]
[BlackElo "1835"]
[PlyCount "85"]
[EventDate "2022.10.08"]
[EventType "team-tourn"]
[EventRounds "11"]
[EventCountry "SVK"]
[SourceTitle "EXT 2024"]
[Source "ChessBase"]
[SourceDate "2023.10.10"]
[SourceVersion "1"]
[SourceVersionDate "2023.10.10"]
[SourceQuality "1"]
[WhiteTeam "Detva"]
[BlackTeam "Vinica"]
[WhiteTeamCountry "SVK"]
[BlackTeamCountry "SVK"]

1. f4 e6 2. Nf3 c5 3. e3 Nc6 4. b3 Nf6 5. Bb2 d5 6. Ne5 Bd6 7. Bb5 Bd7 8. Nxd7 Qxd7 9. Nc3 a6 10. Be2 d4 11. Nb1 Qc7 12. Bf3 dxe3 13. dxe3 0-0-0 14. Qe2 Rhe8 15. Nd2 e5 16. Bxc6 Qxc6 17. fxe5 Bxe5 18. Bxe5 Rxe5 19. 0-0 Qe6 20. Rae1 Re8 21. Rf3 Kb8 22. Nc4 Rg5 23. Rd1 Nd5 24. Qd2 b5 25. e4 Qg6 26. Nd6 Re7 27. Nxf7 Rh5 28. exd5 Rxf7 29. Rxf7 Qxf7 30. d6 Qd7 31. Qe2 Rh6 32. Qe7 Kc8 33. Qe5 c4 34. Qc5+ Kd8 35. bxc4 bxc4 36. Qa5+ Ke8 37. Qc7 Re6 38. Qxc4 Qa7+ 39. Kh1 Kd7 40. Qg4 Qe3 41. Qxg7+ Ke8 42. d7+ Kd8 43. Qf8+ 1-0

[Event "SVK-chT2C 1920"]
[Site "Slovakia"]
[Date "2020.03.07"]
[Round "10.5"]
[White "Koltanyi, Imre"]
[Black "Priechodsky, Radovan"]
[Result "0-1"]
[WhiteElo "1950"]
[BlackElo "1887"]
[PlyCount "58"]
[EventDate "2019.10.26"]
[EventType "team-tourn"]
[EventRounds "11"]
[EventCountry "SVK"]
[SourceTitle "CBM 195 Extra"]
[Source "ChessBase"]
[SourceDate "2020.05.31"]
[SourceVersion "1"]
[SourceVersionDate "2020.05.31"]
[SourceQuality "1"]
[WhiteTeam "Vinica"]
[BlackTeam "Liptov Chess School III"]
[WhiteTeamCountry "SVK"]
[BlackTeamCountry "SVK"]

1. e4 c5 2. b4 cxb4 3. a3 e6 4. axb4 Bxb4 5. c3 Be7 6. d4 d6 7. f4 Nf6 8. e5 dxe5 9. fxe5 Nd5 10. Nf3 0-0 11. Bd3 Qc7 12. Bd2 Nc6 13. h4 f6 14. Ng5 h6 15. Bh7+ Kh8 16. Bg6 Nxe5 17. Be4 Nd3+ 18. Ke2 N3f4+ 19. Bxf4 Nxf4+ 20. Kd2 fxg5 21. g3 Nd5 22. Qh5 Nf6 23. hxg5 Nxh5 24. gxh6 Nxg3 25. hxg7+ Kxg7 26. Rh7+ Kg8 27. Bd3 Rf2+ 28. Kd1 Qf4 29. Rxe7 Qf3+ 0-1

[Event "HUN-chT2 Erkel 0506"]
[Site "Hungary"]
[Date "2006.02.26"]
[Round "8"]
[White "Juhasz, Bela"]
[Black "Koltanyi, Imre"]
[Result "1/2-1/2"]
[WhiteElo "2206"]
[BlackElo "2069"]
[PlyCount "102"]
[EventDate "2005.10.16"]
[EventType "team-tourn"]
[EventRounds "11"]
[EventCountry "HUN"]
[SourceTitle "EXT 2009"]
[Source "ChessBase"]
[SourceDate "2008.11.26"]
[SourceVersion "1"]
[SourceVersionDate "2008.11.26"]
[SourceQuality "1"]
[WhiteTeam "Ujszasz"]
[BlackTeam "Paszto"]
[WhiteTeamCountry "HUN"]
[BlackTeamCountry "HUN"]

1. d4 Nf6 2. c4 e5 3. dxe5 Ne4 4. Nf3 Bb4+ 5. Nbd2 Nc6 6. a3 Nxd2 7. Bxd2 Bxd2+ 8. Qxd2 Qe7 9. Qc3 b6 10. e3 Bb7 11. Be2 0-0-0 12. Rc1 g5 13. c5 g4 14. Nd4 Qxe5 15. 0-0 Nxd4 16. Qxd4 Qxd4 17. exd4 h5 18. Bd3 Rde8 19. Rfe1 Kd8 20. Bf5 Rxe1+ 21. Rxe1 Re8 22. Rxe8+ Kxe8 23. h3 gxh3 24. Bxh3 Ke7 25. b4 d6 26. Kh2 bxc5 27. bxc5 dxc5 28. dxc5 Kf6 29. f4 Bd5 30. Bc8 Be6 31. Bb7 Kf5 32. Kg3 h4+ 33. Kf3 Bd7 34. Bd5 Kg6 35. Ke4 f6 36. Kf3 Bc8 37. Bc6 Be6 38. Be8+ Kg7 39. Bc6 Kg6 40. Be4+ Kh6 41. f5 Bb3 42. Kg4 Bd1+ 43. Kxh4 Be2 44. Bd5 Bd1 45. Bc4 Bh5 46. Bd5 Bd1 47. g3 Be2 48. Bg2 Bd1 49. Bh3 Be2 50. Bg4 Bd3 51. Bh3 Be2 1/2-1/2

[Event "HUN-chT2 Erkel 0304"]
[Site "Hungary"]
[Date "2004.02.22"]
[Round "8"]
[White "Bednay, Bence"]
[Black "Koltanyi, Imre"]
[Result "0-1"]
[WhiteElo "2031"]
[BlackElo "2124"]
[PlyCount "70"]
[EventDate "2003.09.28"]
[EventType "team-tourn"]
[EventRounds "11"]
[EventCountry "HUN"]
[SourceTitle "EXT 2009"]
[Source "ChessBase"]
[SourceDate "2008.11.26"]
[SourceVersion "1"]
[SourceVersionDate "2008.11.26"]
[SourceQuality "1"]
[WhiteTeam "Barcza"]
[BlackTeam "Garancia"]
[WhiteTeamCountry "HUN"]
[BlackTeamCountry "HUN"]

1. e4 c6 2. d4 d5 3. exd5 cxd5 4. Bd3 Nc6 5. c3 Nf6 6. h3 Qb6 7. Qe2 g6 8. Nf3 Bg7 9. 0-0 Qc7 10. Re1 0-0 11. Bb5 Re8 12. Ne5 a6 13. Ba4 b5 14. Nxc6 Qxc6 15. Bc2 Nd7 16. f4 Nb6 17. Be3 Nc4 18. Bd3 Nxe3 19. Qxe3 b4 20. Rc1 Bd7 21. Nd2 bxc3 22. bxc3 Qd6 23. g4 f6 24. f5 gxf5 25. gxf5 e6 26. fxe6 Rxe6 27. Qf3 Rae8 28. Nf1 f5 29. Bxf5 Rf6 30. Ng3 Ref8 31. Bxh7+ Kxh7 32. Qd3+ Rg6 33. Kg2 Bf5 34. Qe3 Be4+ 35. Kh2 Rf3 0-1

[Event "HUN-chT2 Erkel 0304"]
[Site "Hungary"]
[Date "2004.02.08"]
[Round "7"]
[White "Erdelyi, Rudolf"]
[Black "Koltanyi, Imre"]
[Result "1/2-1/2"]
[WhiteElo "1996"]
[BlackElo "2124"]
[PlyCount "136"]
[EventDate "2003.09.28"]
[EventType "team-tourn"]
[EventRounds "11"]
[EventCountry "HUN"]
[SourceTitle "EXT 2009"]
[Source "ChessBase"]
[SourceDate "2008.11.26"]
[SourceVersion "1"]
[SourceVersionDate "2008.11.26"]
[SourceQuality "1"]
[WhiteTeam "Dunaharaszti II"]
[BlackTeam "Garancia"]
[WhiteTeamCountry "HUN"]
[BlackTeamCountry "HUN"]

1. d4 Nf6 2. Nf3 d5 3. e3 g6 4. Bd3 Bg7 5. Nbd2 0-0 6. 0-0 Nbd7 7. Re1 c5 8. b3 Qc7 9. Bb2 b6 10. Rc1 Bb7 11. c4 Qd6 12. cxd5 Nxd5 13. Ba3 Nb4 14. Bb1 Rac8 15. Nc4 Qc7 16. dxc5 bxc5 17. Qe2 Ba6 18. Red1 Nb6 19. Qe1 Nxc4 20. bxc4 Rb8 21. Rd2 Qa5 22. Bxb4 Qxb4 23. Rdc2 Qxe1+ 24. Rxe1 Rb4 25. Nd2 Rfb8 26. Rcc1 Bb2 27. Rc2 Be5 28. Nb3 Bd6 29. Nd2 Bc8 30. f3 Be6 31. Rec1 a5 32. Kf2 a4 33. g3 Be5 34. Ke2 Bb2 35. Rd1 Ba3 36. e4 Rb2 37. Kd3 Rxc2 38. Bxc2 Bd7 39. Rb1 Rxb1 40. Bxb1 Bb4 41. Bc2 f6 42. Nf1 Kf7 43. Ne3 e6 44. Bd1 h5 45. Nc2 e5 46. Ne3 a3 47. Bb3 Bh3 48. Bd1 Be1 49. Ke2 Bc3 50. Nd5 Bd4 51. Ne3 Ke6 52. Bc2 Kd6 53. Bd3 Kc6 54. Nc2 Bb2 55. Ne3 Bd4 56. Nd5 Bg1 57. Nxf6 Bxh2 58. Kf2 Kb6 59. Nh7 h4 60. gxh4 Ka5 61. Nf6 Be6 62. Nd5 Bf4 63. Bc2 Bf7 64. Bb3 Bh6 65. Ne7 Bg7 66. Kg3 Be8 67. Nd5 Bd7 68. Kf2 Bf8 1/2-1/2

[Event "Salgotarjan Balazs Memorial op"]
[Site "Salgotarjan"]
[Date "2003.07.31"]
[Round "4"]
[White "Koltanyi, Imre"]
[Black "Varadi, Viktor"]
[Result "0-1"]
[WhiteElo "2124"]
[BlackElo "2370"]
[PlyCount "49"]
[EventDate "2003.07.28"]
[EventType "swiss"]
[EventRounds "9"]
[EventCountry "HUN"]
[SourceTitle "EXT 2008"]
[Source "ChessBase"]
[SourceDate "2007.11.25"]
[SourceVersion "1"]
[SourceVersionDate "2007.11.25"]
[SourceQuality "1"]

1. e4 c5 2. b4 e5 3. Nf3 Nc6 4. b5 Nd4 5. Bb2 d6 6. c3 Nxf3+ 7. Qxf3 g6 8. Bc4 Nf6 9. 0-0 Bg7 10. d4 0-0 11. dxe5 dxe5 12. Rd1 Qe7 13. h3 Nh5 14. Na3 Nf4 15. Nc2 Qg5 16. Kh2 Kh8 17. Ne3 f5 18. exf5 gxf5 19. Qg3 Qe7 20. Bb3 e4 21. Nc4 Nd3 22. Qe3 f4 23. Qe2 f3 24. Qe3 Be6 25. Kg1 0-1

[Event "Salgotarjan Balazs Memorial op"]
[Site "Salgotarjan"]
[Date "2002.08.07"]
[Round "6"]
[White "Koltanyi, Imre"]
[Black "Kovacs, Jozef"]
[Result "0-1"]
[WhiteElo "2160"]
[BlackElo "2024"]
[PlyCount "87"]
[EventDate "2002.08.02"]
[EventType "swiss"]
[EventRounds "9"]
[EventCountry "HUN"]
[SourceTitle "EXT 2008"]
[Source "ChessBase"]
[SourceDate "2007.11.25"]
[SourceVersion "1"]
[SourceVersionDate "2007.11.25"]
[SourceQuality "1"]

1. e4 e5 2. Nf3 Nc6 3. Bc4 Nf6 4. Ng5 d5 5. exd5 Na5 6. Bb5+ c6 7. dxc6 bxc6 8. Bd3 Nd5 9. Ne4 Nf4 10. Bf1 f5 11. Ng3 Ng6 12. Nc3 Bc5 13. d3 0-0 14. Be2 Be6 15. Bd2 Bb6 16. Bf3 Qd6 17. a3 Nh4 18. 0-0 Rad8 19. Be3 Nxf3+ 20. Qxf3 f4 21. Nge4 Qd7 22. Bxb6 axb6 23. Ng5 Bf5 24. Qe2 Rde8 25. f3 c5 26. Qf2 Nc6 27. Ne2 Rf6 28. Kh1 Rh6 29. Rg1 Rf8 30. g3 fxg3 31. Rxg3 Rhf6 32. Rag1 Bg6 33. Qe3 Bh5 34. Rf1 Rf5 35. Kg2 Ne7 36. c3 Nd5 37. Qe4 Nf4+ 38. Nxf4 exf4 39. Ne6 fxg3 40. Nxf8 Rxf8 41. hxg3 Re8 42. Qh4 Qd5 43. Rf2 Bxf3+ 44. Kg1 0-1